000 00802nam a2200265 a 4500
001 000020066
005 20200929170242.0
008 100719s1981 sp 001 d spa d
020 _z8423915107
082 _a862.6
_bB928e, 1981
100 1 _aBuero Vallejo, Antonio
_d1916-2000
_917657
245 1 0 _aEn la ardiente oscuridad /
_cAntonio Buero Vallejo.
250 _a6a ed.
260 _aMadrid :
_bEspasa Calpe,
_c1981.
300 _a208 p. ;
_c18 cm.
490 1 _aAustral. Violeta: teatro y poesía
_v1510
500 _aIncluye índice de autores
650 4 _aTeatro español
_93071
650 4 _aLiteratura española
_9632
740 3 _aUn soñador para un pueblo
830 0 _aAustral.
_pVioleta: teatro y poesía;
_v1510
_939559
910 _aWM
049 _aBNGR
999 _c19574
_d19574
040 _aDO-SdBNP